| 000 | 00413nam a2200157 a 4500 | ||
|---|---|---|---|
| 005 | 20140412111226.0 | ||
| 008 | 020603s19uu xx 00 eng d | ||
| 020 | _a0-7097-1033-X | ||
| 050 |
_aER _bMy99 1995 |
||
| 100 | _aHawksley, Philip | ||
| 245 |
_aMy food. / _cPhilip Hawksley. |
||
| 260 |
_aEngland : _bBrown Watson, _c1995. |
||
| 300 | _a1 v. (unp.) ; ill. | ||
| 650 |
_aWords _xReading |
||
| 999 |
_c102045 _d102045 |
||